[Event "69. UEM HT"]
[Site "Schweinfurt / Germany"]
[Date "2018.04.07"]
[Round "9.10"]
[White "Gerhard, Phillip"]
[Black "Brennfleck, Martin"]
[Result "0-1"]
[WhiteElo "964"]
[BlackElo "1656"]
[Annotator "Lukas, Norbert"]
[PlyCount "54"]
[EventDate "2018.04.02"]
[EventType "swiss"]
[EventRounds "9"]
[EventCountry "GER"]
[SourceTitle "69. UEM"]
[Source "SK SW 2000 e.V."]
[SourceDate "2018.04.08"]
[SourceVersion "1"]
[SourceVersionDate "2018.04.08"]
[SourceQuality "1"]
[WhiteTeam "TSV 1895 Karlburg e.V."]
[BlackTeam "SC Kitzingen von 1905"]

1. e4 c5 2. Nf3 g6 3. d3 Nc6 4. Be3 e6 5. Nc3 d6 6. Be2 Bg7 7. Qd2 Nge7 8. O-O
O-O 9. Bh6 a6 10. Bxg7 Kxg7 11. Ng5 Nd4 12. Bd1 f6 13. Nh3 Nec6 14. Re1 f5 15.
Re3 f4 16. Re1 e5 17. g3 Bxh3 18. gxf4 Rxf4 19. Kh1 Nf3 20. Bxf3 Rxf3 21. Rg1
Qf6 22. Raf1 Bxf1 23. Rxf1 Rf8 24. Nd5 Qh4 25. Nc3 Rxf2 26. Rxf2 Rxf2 27. Qxf2
Qxf2 0-1

[Event "69. UEM HT"]
[Site "Schweinfurt / Germany"]
[Date "2018.04.07"]
[Round "9.5"]
[White "Brätz, Yannick"]
[Black "Köhler, Michael"]
[Result "1/2-1/2"]
[WhiteElo "1363"]
[BlackElo "1608"]
[Annotator "Lukas, Norbert"]
[PlyCount "83"]
[EventDate "2018.04.02"]
[EventType "swiss"]
[EventRounds "9"]
[EventCountry "GER"]
[SourceTitle "69. UEM"]
[Source "SK SW 2000 e.V."]
[SourceDate "2018.04.08"]
[SourceVersion "1"]
[SourceVersionDate "2018.04.08"]
[SourceQuality "1"]
[WhiteTeam "Schachklub Schweinfurt 2000 e.V."]
[BlackTeam "SC Prichsenstadt"]

1. d4 d5 2. Bf4 Nf6 3. e3 c5 4. c3 Bf5 5. Bd3 Bxd3 6. Qxd3 Qb6 7. Qc2 e6 8. Nd2
Bd6 9. Bg3 Nbd7 10. Ngf3 O-O 11. Bxd6 Qxd6 12. O-O Rfc8 13. Qb3 Rab8 14. Rfc1
b5 15. a3 a5 16. Qd1 c4 17. Qe1 e5 18. dxe5 Nxe5 19. Nxe5 Qxe5 20. Nf3 Qe8 21.
Nd4 Ne4 22. Qe2 Nc5 23. Qc2 Nd3 24. Rf1 Qd7 25. Ne2 f5 26. Rfd1 Rf8 27. Nf4
Nxf4 28. exf4 Rbd8 29. Rd4 Rfe8 30. g3 Re4 31. Rad1 Rxd4 32. Rxd4 g6 33. Qd2
Kf7 34. Qe3 Qe6 35. Qxe6+ Kxe6 36. f3 Kd6 37. Kf2 Re8 38. h3 Kc5 39. Rd2 h5 40.
Rd1 Kd6 41. Rd2 Kc5 42. Rd1 1/2-1/2

[Event "69. UEM HT"]
[Site "Schweinfurt / Germany"]
[Date "2018.04.07"]
[Round "9.4"]
[White "Orf, Niklas"]
[Black "Rachor, Udo"]
[Result "1-0"]
[WhiteElo "1892"]
[BlackElo "1618"]
[Annotator "Lukas, Norbert"]
[PlyCount "49"]
[EventDate "2018.04.02"]
[EventType "swiss"]
[EventRounds "9"]
[EventCountry "GER"]
[SourceTitle "69. UEM"]
[Source "SK SW 2000 e.V."]
[SourceDate "2018.04.08"]
[SourceVersion "1"]
[SourceVersionDate "2018.04.08"]
[SourceQuality "1"]
[WhiteTeam "SK 1933 Bad Neustadt"]
[BlackTeam "TSV 1895 Karlburg e.V."]

1. d4 d5 2. Bf4 Bf5 3. e3 a6 4. Bd3 e6 5. Bxf5 exf5 6. Qd3 g6 7. Nf3 Bg7 8. c4
c6 9. Qb3 b5 10. cxd5 cxd5 11. Nc3 Ne7 12. O-O Nbc6 13. Rac1 Na5 14. Qb4 Nc4
15. b3 Nb6 16. Rc2 O-O 17. Rfc1 Nd7 18. Bd6 Re8 19. Bxe7 Qxe7 20. Qxe7 Rxe7 21.
Nxd5 Re4 22. Nd2 Rh4 23. Rc7 Nf6 24. Rc8+ Rxc8 25. Rxc8+ 1-0

[Event "69. UEM HT"]
[Site "Schweinfurt / Germany"]
[Date "2018.04.07"]
[Round "9.9"]
[White "Brodt, Andreas"]
[Black "Schalkhäuser, Linus"]
[Result "1-0"]
[WhiteElo "1784"]
[BlackElo "801"]
[Annotator "Lukas, Norbert"]
[PlyCount "107"]
[EventDate "2018.04.02"]
[EventType "swiss"]
[EventRounds "9"]
[EventCountry "GER"]
[SourceTitle "69. UEM"]
[Source "SK SW 2000 e.V."]
[SourceDate "2018.04.08"]
[SourceVersion "1"]
[SourceVersionDate "2018.04.08"]
[SourceQuality "1"]
[WhiteTeam "Schachklub Schweinfurt 2000 e.V."]
[BlackTeam "Schachklub Schweinfurt 2000 e.V."]

1. e4 e5 2. Nf3 Nc6 3. Bc4 Nf6 4. Nc3 Bb4 5. Nd5 Nxd5 6. exd5 Nd4 7. c3 Nxf3+
8. Qxf3 Bc5 9. d6 O-O 10. dxc7 Qxc7 11. Bd5 d6 12. O-O Be6 13. b4 Bb6 14. a4 a5
15. Bxb7 Ra7 16. Bd5 Qc8 17. h3 Bxd5 18. Qxd5 Qe6 19. Qxe6 fxe6 20. Ba3 Raf7
21. bxa5 Bxf2+ 22. Kh1 Bc5 23. Rxf7 Rxf7 24. Bxc5 dxc5 25. Kg1 c4 26. Re1 Ra7
27. Rxe5 Kf7 28. Rc5 Kf6 29. Kf2 e5 30. Ke3 Re7 31. Ke4 g5 32. g4 h6 33. Rc6+
Kg7 34. Kf5 Ra7 35. a6 Kf7 36. Rf6+ Kg7 37. Rg6+ Kh7 38. Re6 Kg7 39. Kxe5 Kh7
40. Kd5 Kg7 41. Kxc4 Kf7 42. Rb6 Ke7 43. Rb7+ Rxb7 44. axb7 Kf7 45. b8=Q Kg6
46. Kd4 h5 47. Qe5 Kf7 48. Kd5 hxg4 49. Kd6 gxh3 50. Qf5+ Kg7 51. Ke7 h2 52.
Qxg5+ Kh7 53. Kf7 h1=Q 54. Qg7# 1-0

[Event "69. UEM HT"]
[Site "Schweinfurt / Germany"]
[Date "2018.04.07"]
[Round "9.11"]
[White "Bokov, Igor"]
[Black "Chen, Jiwei"]
[Result "0-1"]
[WhiteElo "741"]
[BlackElo "1062"]
[Annotator "Lukas, Norbert"]
[PlyCount "100"]
[EventDate "2018.04.02"]
[EventType "swiss"]
[EventRounds "9"]
[EventCountry "GER"]
[SourceTitle "69. UEM"]
[Source "SK SW 2000 e.V."]
[SourceDate "2018.04.08"]
[SourceVersion "1"]
[SourceVersionDate "2018.04.08"]
[SourceQuality "1"]
[WhiteTeam "Schachklub Schweinfurt 2000 e.V."]
[BlackTeam "Schachklub Schweinfurt 2000 e.V."]

1. e4 e5 2. Nf3 Nc6 3. Nc3 Bc5 4. Bb5 d6 5. Bxc6+ bxc6 6. d3 h6 7. Na4 Bb6 8.
Nxb6 cxb6 9. O-O Qf6 10. h3 d5 11. Bd2 Ne7 12. Bb4 Qg6 13. Bxe7 Kxe7 14. Nxe5
Qf6 15. Ng4 Qxb2 16. Ne3 Rd8 17. Qc1 Qf6 18. Qa3+ Ke8 19. exd5 cxd5 20. Rfe1
Be6 21. Ng4 Qd4 22. Re2 Qxa1+ 23. Kh2 Qd1 24. Re3 Qd2 25. Qa4+ Kf8 26. Ne5 Qxf2
27. Rf3 Qc5 28. Qc6 Qxc6 29. Nxc6 Rdc8 30. Ne5 Rxc2 31. Kg3 Rxa2 32. Kh4 Rxg2
33. Rg3 Rxg3 34. Kxg3 b5 35. Nf3 b4 36. Nd2 d4 37. Kf4 b3 38. Ke5 Rd8 39. h4 a5
40. h5 a4 41. Ke4 a3 42. Ke5 a2 43. Ke4 a1=Q 44. Ke5 Rd5+ 45. Ke4 Qe1+ 46. Kf4
Qxd2+ 47. Ke4 Qe2+ 48. Kf4 Rf5+ 49. Kg3 Qf2+ 50. Kg4 Rg5# 0-1

[Event "69. UEM HT"]
[Site "Schweinfurt / Germany"]
[Date "2018.04.07"]
[Round "9.3"]
[White "Herberich, Martin"]
[Black "Mehler, Walter"]
[Result "1-0"]
[WhiteElo "1810"]
[BlackElo "1646"]
[Annotator "Lukas, Norbert"]
[PlyCount "67"]
[EventDate "2018.04.02"]
[EventType "swiss"]
[EventRounds "9"]
[EventCountry "GER"]
[SourceTitle "69. UEM"]
[Source "SK SW 2000 e.V."]
[SourceDate "2018.04.08"]
[SourceVersion "1"]
[SourceVersionDate "2018.04.08"]
[SourceQuality "1"]
[WhiteTeam "TV Faulbach e.V. 1920"]
[BlackTeam "TSV 1895 Karlburg e.V."]

1. d4 d5 2. Bf4 Nf6 3. Nf3 e6 4. e3 Nbd7 5. Nbd2 Be7 6. Bd3 c6 7. c3 Qb6 8. b4
Nh5 9. Bg3 a5 10. a3 g6 11. O-O Nxg3 12. hxg3 Bf6 13. e4 O-O 14. e5 Bg7 15. g4
Qd8 16. g5 h5 17. gxh6 Bxh6 18. g3 b6 19. Qc2 Kg7 20. Kg2 Ba6 21. Rh1 Bxd3 22.
Qxd3 axb4 23. axb4 Rxa1 24. Rxa1 Qc7 25. Qa6 Bxd2 26. Nxd2 c5 27. Qa7 Rc8 28.
bxc5 bxc5 29. Nf3 cxd4 30. cxd4 Nb6 31. Qa3 Nc4 32. Qc1 Qd8 33. Qf4 Qe7 34. Rh1
1-0

[Event "69. UEM M1"]
[Site "Schweinfurt / Germany"]
[Date "2018.04.02"]
[Round "1.1"]
[White "Mehling, Katharina"]
[Black "Reinl, Fred"]
[Result "0-1"]
[WhiteElo "1895"]
[BlackElo "1963"]
[Annotator "Lukas, Norbert"]
[PlyCount "48"]
[EventDate "2018.04.02"]
[EventType "tourn"]
[EventRounds "9"]
[EventCountry "GER"]
[SourceTitle "69. UEM"]
[Source "SK SW 2000 e.V."]
[SourceDate "2018.04.08"]
[SourceVersion "1"]
[SourceVersionDate "2018.04.08"]
[SourceQuality "1"]

1. e4 e6 2. d4 d5 3. Nd2 dxe4 4. Nxe4 Nf6 5. Bg5 Be7 6. Bxf6 Bxf6 7. Nf3 b6 8.
c3 Bb7 9. Bd3 Nd7 10. Qc2 h6 11. O-O-O Qe7 12. Rhe1 O-O 13. g4 Rac8 14. Re3 c5
15. g5 hxg5 16. Rg1 Bxe4 17. Rxe4 cxd4 18. Nxd4 Ne5 19. Re3 Rfd8 20. Ba6 Rc5
21. b4 Rc7 22. Nb3 g4 23. Kb1 Nc4 24. Reg3 Na3+ 0-1

[Event "69. UEM M1"]
[Site "Schweinfurt / Germany"]
[Date "2018.04.02"]
[Round "1.2"]
[White "Link, Klaus"]
[Black "Mueller, Lutz"]
[Result "1-0"]
[WhiteElo "2005"]
[BlackElo "2005"]
[Annotator "Lukas, Norbert"]
[PlyCount "57"]
[EventDate "2018.04.02"]
[EventType "tourn"]
[EventRounds "9"]
[EventCountry "GER"]
[SourceTitle "69. UEM"]
[Source "SK SW 2000 e.V."]
[SourceDate "2018.04.08"]
[SourceVersion "1"]
[SourceVersionDate "2018.04.08"]
[SourceQuality "1"]

1. e4 c5 2. c3 Nf6 3. e5 Nd5 4. Nf3 Nc6 5. d4 cxd4 6. cxd4 d6 7. Bc4 Nb6 8. Bb5
a6 9. Be2 g6 10. Bf4 Nd5 11. Bg3 Qa5+ 12. Qd2 Qxd2+ 13. Nbxd2 h5 14. exd6 h4
15. Bxh4 Nf4 16. Bxe7 Nb4 17. Bf6 Rh5 18. Ne5 Nc2+ 19. Kd1 Nxe2 20. Kxc2 Bxd6
21. Nec4 Bf5+ 22. Kd1 Bxh2 23. Kxe2 Kf8 24. Ne5 Re8 25. f3 Bd7 26. Kf2 Bxe5 27.
dxe5 Rexe5 28. Bxe5 Rxe5 29. Ne4 1-0

[Event "69. UEM M1"]
[Site "Schweinfurt / Germany"]
[Date "2018.04.02"]
[Round "1.3"]
[White "Markert, Markus"]
[Black "Seuffert, Gabriel"]
[Result "0-1"]
[WhiteElo "1998"]
[BlackElo "2302"]
[Annotator "Lukas, Norbert"]
[PlyCount "58"]
[EventDate "2018.04.02"]
[EventType "tourn"]
[EventRounds "9"]
[EventCountry "GER"]
[SourceTitle "69. UEM"]
[Source "SK SW 2000 e.V."]
[SourceDate "2018.04.08"]
[SourceVersion "1"]
[SourceVersionDate "2018.04.08"]
[SourceQuality "1"]

1. d4 Nf6 2. Nf3 c5 3. c3 g6 4. e3 b6 5. Bd3 Bg7 6. Nbd2 Ba6 7. Ne4 Nxe4 8.
Bxe4 d5 9. Bd3 O-O 10. h4 h5 11. Ng5 Bxd3 12. Qxd3 Qd7 13. Rh3 Nc6 14. f4 Qg4
15. Qe2 f6 16. Nf3 e5 17. fxe5 fxe5 18. dxc5 e4 19. Ng1 Qe6 20. Rg3 Ne5 21. Nh3
Nd3+ 22. Kd2 bxc5 23. Kc2 Rab8 24. Nf4 Nxf4 25. exf4 d4 26. cxd4 cxd4 27. Kb1
Rfc8 28. Rb3 d3 29. Qe1 Qc4 0-1

[Event "69. UEM M1"]
[Site "Schweinfurt / Germany"]
[Date "2018.04.02"]
[Round "1.4"]
[White "Blank, Stefan"]
[Black "Seidens, Udo"]
[Result "0-1"]
[WhiteElo "1779"]
[BlackElo "2173"]
[Annotator "Lukas, Norbert"]
[PlyCount "77"]
[EventDate "2018.04.02"]
[EventType "tourn"]
[EventRounds "9"]
[EventCountry "GER"]
[SourceTitle "69. UEM"]
[Source "SK SW 2000 e.V."]
[SourceDate "2018.04.08"]
[SourceVersion "1"]
[SourceVersionDate "2018.04.08"]
[SourceQuality "1"]

1. e4 g6 2. d4 Bg7 3. c4 Nc6 4. Be3 e5 5. Nf3 exd4 6. Nxd4 d6 7. Nxc6 bxc6 8.
Qd2 Nf6 9. f3 O-O 10. Nc3 Re8 11. Be2 Qe7 12. O-O Ba6 13. Bg5 Qe5 14. Bf4 Qc5+
15. Be3 Qb4 16. Rac1 c5 17. b3 Rab8 18. Rfe1 Bc8 19. Bh6 Bh8 20. Bg5 Be6 21.
Rc2 Qb7 22. Bxf6 Bxf6 23. Nd5 Bd4+ 24. Kh1 c6 25. Nc3 Qe7 26. Bd3 Qh4 27. g3
Qf6 28. f4 Bh3 29. Nd1 h5 30. Nf2 Bd7 31. Nd1 h4 32. Qg2 Kg7 33. Ne3 Rh8 34.
Kg1 hxg3 35. hxg3 Rh3 36. Rf2 Rbh8 37. f5 Qg5 38. Rf3 Qh6 39. Bf1 {ZÜ} 0-1

[Event "69. UEM M1"]
[Site "Schweinfurt / Germany"]
[Date "2018.04.02"]
[Round "1.5"]
[White "Hofstetter, Hans Joachim"]
[Black "Helm, Timo"]
[Result "1/2-1/2"]
[WhiteElo "2181"]
[BlackElo "2071"]
[Annotator "Lukas, Norbert"]
[PlyCount "191"]
[EventDate "2018.04.02"]
[EventType "tourn"]
[EventRounds "9"]
[EventCountry "GER"]
[SourceTitle "69. UEM"]
[Source "SK SW 2000 e.V."]
[SourceDate "2018.04.08"]
[SourceVersion "1"]
[SourceVersionDate "2018.04.08"]
[SourceQuality "1"]

1. e4 e6 2. d4 d5 3. e5 c5 4. c3 Nc6 5. Nf3 Bd7 6. Bd3 Rc8 7. a3 Qb6 8. dxc5
Bxc5 9. O-O Qc7 10. Bf4 Nge7 11. Bg3 Ng6 12. Re1 Qd8 13. h4 Be7 14. h5 Nh4 15.
Nxh4 Bxh4 16. Qg4 Bxg3 17. Qxg7 Bxf2+ 18. Kxf2 Qh4+ 19. g3 Qh2+ 20. Ke3 Rf8 21.
Nd2 Ne7 22. Bxh7 d4+ 23. Kd3 dxc3 24. Ne4 Bb5+ 25. Kd4 Rd8+ 26. Ke3 Nd5+ 27.
Kf3 cxb2 28. Rab1 Bd3 29. Nd6+ Rxd6 30. Bxd3 Rb6 31. Qg4 Rh8 32. Rh1 Qd2 33.
Qd4 Qc3 34. Qe4 Rb3 35. Ke2 Qc6 36. Kd2 Qc3+ 37. Ke2 Qc6 38. Kd2 a6 39. Bc4
Rxa3 40. Rxb2 Rxg3 41. Rc2 Ne7 42. Qxc6+ Nxc6 43. Bxa6 Rg2+ 44. Be2 Rxe2+ 45.
Kxe2 Nd4+ 46. Kd3 Nxc2 47. Kxc2 Kf8 48. Kd3 Kg7 49. Ke4 Rc8 50. Rb1 Rc7 51. Kf4
Kh6 52. Kg4 Rc4+ 53. Kf3 Kxh5 54. Rxb7 Kg6 55. Ke3 Rc1 56. Kf4 Kg7 57. Ke4 Rd1
58. Rb8 Rd7 59. Ra8 Rb7 60. Ra4 Kg6 61. Kf4 Rb1 62. Ra7 Rh1 63. Rb7 Rh4+ 64.
Ke3 Kf5 65. Rxf7+ Kxe5 66. Ra7 Rh3+ 67. Ke2 Rb3 68. Ra5+ Ke4 69. Ra4+ Kf5 70.
Ra5+ e5 71. Ra4 Rb1 72. Ra3 Rb2+ 73. Ke3 Rh2 74. Ra8 Rh3+ 75. Ke2 Rb3 76. Ra5
Kf4 77. Ra8 Rb2+ 78. Ke1 e4 79. Ra3 Rb6 80. Ke2 Rc6 81. Rb3 Ra6 82. Ke1 Ra2 83.
Kf1 Rd2 84. Ke1 Rd4 85. Ke2 Ra4 86. Kf2 Ra5 87. Ke2 Rd5 88. Ra3 Rb5 89. Ke1 e3
90. Ra8 Rd5 91. Ke2 Rd2+ 92. Ke1 Kf3 93. Rf8+ Ke4 94. Re8+ Kd3 95. Rd8+ Kc2 96.
Rc8+ 1/2-1/2

[Event "69. UEM M1"]
[Site "Schweinfurt / Germany"]
[Date "2018.04.03"]
[Round "2.1"]
[White "Reinl, Fred"]
[Black "Helm, Timo"]
[Result "0-1"]
[WhiteElo "1963"]
[BlackElo "2071"]
[Annotator "Lukas, Norbert"]
[PlyCount "134"]
[EventDate "2018.04.02"]
[EventType "tourn"]
[EventRounds "9"]
[EventCountry "GER"]
[SourceTitle "69. UEM"]
[Source "SK SW 2000 e.V."]
[SourceDate "2018.04.08"]
[SourceVersion "1"]
[SourceVersionDate "2018.04.08"]
[SourceQuality "1"]

1. e4 e6 2. d4 d5 3. Nd2 c5 4. Ngf3 Nc6 5. Bb5 Bd7 6. exd5 exd5 7. c3 cxd4 8.
cxd4 Bd6 9. O-O Nge7 10. Re1 O-O 11. Nf1 Bg4 12. Bxc6 Nxc6 13. Be3 Bb4 14. Re2
Bxf3 15. gxf3 Qf6 16. Kg2 Ba5 17. Ng3 Bb6 18. Rd2 Ne7 19. Rc1 Ng6 20. Kh1 Nh4
21. f4 Nf5 22. Nxf5 Qxf5 23. Rdc2 Rfe8 24. Qf3 h6 25. Rc3 Re4 26. Rd1 Qf6 27.
Rcd3 Rc8 28. Qh5 Rd8 29. f3 Re7 30. f5 Rde8 31. Bf2 Qg5 32. Qxg5 hxg5 33. Kg2
Re2 34. R1d2 Ba5 35. Rxe2 Rxe2 36. Rb3 Bb6 37. Kf1 Rc2 38. Rb5 Kf8 39. a4 Rc1+
40. Ke2 Ra1 41. b3 Ra2+ 42. Kf1 Ra3 43. Kg2 Ke7 44. Rxd5 Rxb3 45. Bg3 Rd3 46.
Be5 f6 47. Bd6+ Ke8 48. Rb5 Rxd4 49. Bb4 Rd7 50. a5 Bd4 51. Be1 Be5 52. Rb3 Kd8
53. Bb4 Kc7 54. h3 Rd5 55. Ra3 Bd6 56. Rc3+ Kd7 57. Bxd6 Kxd6 58. Rb3 Kc6 59.
Ra3 Rxf5 60. Kg3 Kb5 61. a6 b6 62. Ra2 Rf4 63. Kf2 Ra4 64. Re2 Rh4 65. Kg3 Kxa6
66. Re7 Rh7 67. Rd7 b5 0-1

[Event "69. UEM M1"]
[Site "Schweinfurt / Germany"]
[Date "2018.04.03"]
[Round "2.2"]
[White "Seidens, Udo"]
[Black "Hofstetter, Hans Joachim"]
[Result "1-0"]
[WhiteElo "2173"]
[BlackElo "2181"]
[Annotator "Lukas, Norbert"]
[PlyCount "47"]
[EventDate "2018.04.02"]
[EventType "tourn"]
[EventRounds "9"]
[EventCountry "GER"]
[SourceTitle "69. UEM"]
[Source "SK SW 2000 e.V."]
[SourceDate "2018.04.08"]
[SourceVersion "1"]
[SourceVersionDate "2018.04.08"]
[SourceQuality "1"]

1. c4 Nf6 2. g3 g6 3. Bg2 Bg7 4. Nc3 O-O 5. e3 e5 6. Nge2 c6 7. d4 d6 8. O-O
Qe7 9. Bd2 Rd8 10. Rc1 Nbd7 11. Qc2 Nb6 12. b3 d5 13. cxd5 Nbxd5 14. Nxd5 Nxd5
15. e4 exd4 16. exd5 Qxe2 17. Rfe1 Qa6 18. dxc6 bxc6 19. Bg5 f6 20. Qxc6 Qxc6
21. Bxc6 fxg5 22. Bxa8 d3 23. Red1 d2 24. Bd5+ 1-0

[Event "69. UEM M1"]
[Site "Schweinfurt / Germany"]
[Date "2018.04.03"]
[Round "2.3"]
[White "Seuffert, Gabriel"]
[Black "Blank, Stefan"]
[Result "1-0"]
[WhiteElo "2302"]
[BlackElo "1779"]
[Annotator "Lukas, Norbert"]
[PlyCount "73"]
[EventDate "2018.04.02"]
[EventType "tourn"]
[EventRounds "9"]
[EventCountry "GER"]
[SourceTitle "69. UEM"]
[Source "SK SW 2000 e.V."]
[SourceDate "2018.04.08"]
[SourceVersion "1"]
[SourceVersionDate "2018.04.08"]
[SourceQuality "1"]

1. c4 Nf6 2. g3 g6 3. Bg2 Bg7 4. Nc3 O-O 5. d4 d6 6. Nf3 Nbd7 7. O-O c6 8. e4
e5 9. b3 Re8 10. d5 c5 11. a3 Nf8 12. Ne1 Bg4 13. Qc2 a6 14. Nd3 Qc8 15. f4 Bh3
16. fxe5 dxe5 17. Bxh3 Qxh3 18. Nxc5 Qc8 19. Nd3 Nh5 20. Na4 Nd7 21. Be3 b5 22.
Nac5 Nxc5 23. Nxc5 Nf6 24. Kg2 Ng4 25. Bg1 Bh6 26. Qe2 Bf8 27. b4 bxc4 28. h3
Nh6 29. Qxc4 Kh8 30. Rac1 Ng8 31. Rxf7 Bh6 32. Rc2 Rf8 33. Rxf8 Qxf8 34. Ne6
Qe7 35. Qc6 Re8 36. Bc5 Qf7 37. Rf2 1-0

[Event "69. UEM M1"]
[Site "Schweinfurt / Germany"]
[Date "2018.04.03"]
[Round "2.4"]
[White "Mueller, Lutz"]
[Black "Markert, Markus"]
[Result "1-0"]
[WhiteElo "2005"]
[BlackElo "1998"]
[Annotator "Lukas, Norbert"]
[PlyCount "65"]
[EventDate "2018.04.02"]
[EventType "tourn"]
[EventRounds "9"]
[EventCountry "GER"]
[SourceTitle "69. UEM"]
[Source "SK SW 2000 e.V."]
[SourceDate "2018.04.08"]
[SourceVersion "1"]
[SourceVersionDate "2018.04.08"]
[SourceQuality "1"]

1. d4 Nf6 2. Nf3 e6 3. e3 c5 4. Bd3 d5 5. b3 Nbd7 6. O-O b6 7. Bb2 Bb7 8. Nbd2
Qc7 9. Ne5 Nxe5 10. dxe5 Nd7 11. f4 Be7 12. a4 a6 13. Qe2 O-O 14. e4 d4 15. Rf3
f6 16. Rh3 fxe5 17. Bc4 Rf6 18. f5 Nf8 19. g4 Rh6 20. Rxh6 gxh6 21. Nf3 Bf6 22.
Kf2 Kh8 23. Rg1 Qe7 24. Bc1 Bg7 25. g5 hxg5 26. Nxg5 b5 27. Bxe6 Nxe6 28. fxe6
Rf8+ 29. Ke1 Rf6 30. Qh5 Bxe4 31. Nxe4 Qxe6 32. Nxf6 Qxf6 33. Qe8+ 1-0

[Event "69. UEM M1"]
[Site "Schweinfurt / Germany"]
[Date "2018.04.03"]
[Round "2.5"]
[White "Mehling, Katharina"]
[Black "Link, Klaus"]
[Result "1-0"]
[WhiteElo "1895"]
[BlackElo "2005"]
[Annotator "Lukas, Norbert"]
[PlyCount "77"]
[EventDate "2018.04.02"]
[EventType "tourn"]
[EventRounds "9"]
[EventCountry "GER"]
[SourceTitle "69. UEM"]
[Source "SK SW 2000 e.V."]
[SourceDate "2018.04.08"]
[SourceVersion "1"]
[SourceVersionDate "2018.04.08"]
[SourceQuality "1"]

1. e4 c5 2. Nf3 Nc6 3. d4 cxd4 4. Nxd4 Qb6 5. Nb3 Nf6 6. Nc3 e6 7. Be3 Qc7 8.
a3 Be7 9. Be2 O-O 10. O-O Rd8 11. f4 d5 12. e5 Ne4 13. Nb5 Qb8 14. Bd3 f5 15.
exf6 Bxf6 16. c3 e5 17. c4 exf4 18. cxd5 fxe3 19. Bxe4 Qe5 20. Qf3 Re8 21. Nc7
Qxc7 22. Bxh7+ Kh8 23. Qh5 Qe5 24. Bf5+ Kg8 25. Qh7+ Kf8 26. Bg6 Ne7 27. Bxe8
Kxe8 28. d6 e2 29. Rfe1 Nf5 30. Qh5+ Kd7 31. Rxe2 Qxd6 32. Qxf5+ Kd8 33. Qf2
Qb6 34. Rd1+ Kc7 35. Nc5 Bg4 36. Qf4+ Kc6 37. Rd6+ Kxc5 38. Rc2+ Kb5+ 39. Rxb6+
1-0

[Event "69. UEM M1"]
[Site "Schweinfurt / Germany"]
[Date "2018.04.03"]
[Round "3.1"]
[White "Link, Klaus"]
[Black "Reinl, Fred"]
[Result "0-1"]
[WhiteElo "2005"]
[BlackElo "1963"]
[Annotator "Lukas, Norbert"]
[PlyCount "68"]
[EventDate "2018.04.02"]
[EventType "tourn"]
[EventRounds "9"]
[EventCountry "GER"]
[SourceTitle "69. UEM"]
[Source "SK SW 2000 e.V."]
[SourceDate "2018.04.08"]
[SourceVersion "1"]
[SourceVersionDate "2018.04.08"]
[SourceQuality "1"]

1. e4 e6 2. d4 d5 3. Nd2 c5 4. Ngf3 Nc6 5. exd5 exd5 6. Bb5 Nf6 7. O-O Be7 8.
dxc5 Bxc5 9. Nb3 Be7 10. Ne5 Bd7 11. Nxd7 Qxd7 12. Bf4 O-O 13. c3 a6 14. Bd3
Rfe8 15. Qc2 g6 16. Rad1 Qg4 17. Bg3 Rac8 18. h3 Qg5 19. Qd2 Nh5 20. Bh2 Qh4
21. f4 Bd8 22. Qf2 Qxf2+ 23. Kxf2 Bb6+ 24. Kf3 Re3+ 25. Kg4 Rce8 26. Rf3 Nf6+
27. Kh4 Nh5 28. Rxe3 Rxe3 29. g4 Bd8+ 30. g5 h6 31. Nc5 hxg5+ 32. fxg5 Ne5 33.
Bxe5 Rxe5 34. Rd2 Bxg5+ 0-1

[Event "69. UEM M1"]
[Site "Schweinfurt / Germany"]
[Date "2018.04.03"]
[Round "3.2"]
[White "Markert, Markus"]
[Black "Mehling, Katharina"]
[Result "1-0"]
[WhiteElo "1998"]
[BlackElo "1895"]
[Annotator "Lukas, Norbert"]
[PlyCount "69"]
[EventDate "2018.04.02"]
[EventType "tourn"]
[EventRounds "9"]
[EventCountry "GER"]
[SourceTitle "69. UEM"]
[Source "SK SW 2000 e.V."]
[SourceDate "2018.04.08"]
[SourceVersion "1"]
[SourceVersionDate "2018.04.08"]
[SourceQuality "1"]

1. d4 Nf6 2. Nf3 g6 3. Bf4 Bg7 4. e3 O-O 5. Bd3 d6 6. Nbd2 Nfd7 7. c3 Nc6 8.
Bg3 e5 9. d5 Ne7 10. Bh4 f5 11. Bxe7 Qxe7 12. e4 Nf6 13. Qc2 c6 14. c4 h6 15.
Nh4 Qf7 16. exf5 gxf5 17. Bxf5 cxd5 18. O-O Qh5 19. g3 e4 20. Bg6 Qe5 21. cxd5
e3 22. Ndf3 exf2+ 23. Rxf2 Qxd5 24. Rd1 Qxa2 25. Rxd6 Bh3 26. Rd1 Rac8 27. Qd3
Kh8 28. Bf5 Bxf5 29. Qxf5 Rcd8 30. Re1 Rfe8 31. Ng6+ Kg8 32. Ne7+ Kf8 33. Nh4
Qb3 34. Rfe2 Qd3 35. Nhg6+ {Qb3 Nh4 Rxe7 Ng6+ Ree8 Ne5 Ng8} 1-0

[Event "69. UEM M1"]
[Site "Schweinfurt / Germany"]
[Date "2018.04.03"]
[Round "3.3"]
[White "Blank, Stefan"]
[Black "Mueller, Lutz"]
[Result "0-1"]
[WhiteElo "1779"]
[BlackElo "2005"]
[Annotator "Lukas, Norbert"]
[PlyCount "90"]
[EventDate "2018.04.02"]
[EventType "tourn"]
[EventRounds "9"]
[EventCountry "GER"]
[SourceTitle "69. UEM"]
[Source "SK SW 2000 e.V."]
[SourceDate "2018.04.08"]
[SourceVersion "1"]
[SourceVersionDate "2018.04.08"]
[SourceQuality "1"]

1. e4 g6 2. d4 Bg7 3. c4 Nc6 4. Be3 d6 5. Ne2 e5 6. d5 Nce7 7. Qd2 f5 8. f3 Nf6
9. Nbc3 f4 10. Bf2 g5 11. g3 Ng6 12. Bg2 h5 13. O-O-O Bh6 14. gxf4 g4 15. Rdg1
h4 16. Be3 exf4 17. Nxf4 Ne5 18. Qe2 h3 19. Bf1 gxf3 20. Qd2 Nfg4 21. Rg3 Nxe3
22. Qxe3 Qf6 23. Rxf3 Nxf3 24. Qxf3 Qxf4+ 25. Qxf4 Bxf4+ 26. Kc2 Rg8 27. Nb5
Rg7 28. Be2 c6 29. dxc6 bxc6 30. Nd4 Rg2 31. Kd3 Rg5 32. Nxc6 Bd7 33. Nb4 a5
34. Nd5 Rxd5+ 35. exd5 Bf5+ 36. Kc3 Be5+ 37. Kd2 O-O-O 38. b3 Rg8 39. Rf1 Be4
40. Ke3 Bg2 41. Rf7 Bxh2 42. Bd3 Bg1+ 43. Kf4 h2 44. Bf5+ Kb8 45. Bd7 h1=Q {Ke5
} 0-1

[Event "69. UEM M1"]
[Site "Schweinfurt / Germany"]
[Date "2018.04.03"]
[Round "3.4"]
[White "Hofstetter, Hans Joachim"]
[Black "Seuffert, Gabriel"]
[Result "1/2-1/2"]
[WhiteElo "2181"]
[BlackElo "2302"]
[Annotator "Lukas, Norbert"]
[PlyCount "57"]
[EventDate "2018.04.02"]
[EventType "tourn"]
[EventRounds "9"]
[EventCountry "GER"]
[SourceTitle "69. UEM"]
[Source "SK SW 2000 e.V."]
[SourceDate "2018.04.08"]
[SourceVersion "1"]
[SourceVersionDate "2018.04.08"]
[SourceQuality "1"]

1. e4 c5 2. c3 Nf6 3. e5 Nd5 4. d4 cxd4 5. cxd4 e6 6. Nf3 d6 7. Nc3 Nxc3 8.
bxc3 Qc7 9. Qb3 Nd7 10. Be3 dxe5 11. dxe5 Be7 12. Bd4 b6 13. Bb5 O-O 14. Rd1
Nc5 15. Qb1 Bb7 16. O-O Bd5 17. Rfe1 a6 18. Bf1 b5 19. Re3 Qa5 20. Bxc5 Bxc5
21. Ng5 g6 22. Rh3 Qxa2 23. Qxa2 Bxa2 24. Nxh7 Rfd8 25. Nf6+ Kf8 26. Rd7 Be7
27. Rh8+ Kg7 28. Rh7+ Kf8 29. Rh8+ 1/2-1/2